[Event "Zagreb Superbet Blitz"]
[Site "Zagreb"]
[Date "2025.07.06"]
[Round "18"]
[White "Caruana, Fabiano"]
[Black "So, Wesley"]
[Result "0-1"]
[WhiteElo "2784"]
[BlackElo "2745"]
[PlyCount "97"]
[EventDate "2025.07.05"]
[EventType "tourn (blitz)"]
[EventRounds "18"]
[EventCountry "CRO"]
[SourceTitle "CB28_2025"]
[SourceDate "2025.07.09"]
[SourceVersion "1"]
[SourceVersionDate "2025.07.09"]
[SourceQuality "1"]

1. Nf3 d5 2. c4 e6 3. g3 Nf6 4. Bg2 Be7 5. 0-0 0-0 6. d3 c5 7. Ne5 Qc7 8. f4 Rd8 9. Nc3 a6 10. Qe1 b5 11. cxb5 axb5 12. Nxb5 Qb6 13. Nc3 Nbd7 14. e4 Bb7 15. Nxd7 Rxd7 16. e5 Ng4 17. Kh1 Nh6 18. Qf2 Qa6 19. Rd1 d4 20. Ne4 c4 21. dxc4 Qxc4 22. b3 Qa6 23. Qf1 Qb6 24. Nd2 Nf5 25. Nc4 Qa6 26. Bxb7 Rxb7 27. Qf3 g6 28. Bd2 h5 29. Kg2 Kg7 30. Be1 Rc8 31. Bf2 Rxc4 32. bxc4 Rb2 33. Kh1 Qxc4 34. a4 Rb3 35. Qe4 Rb2 36. Bg1 Re2 37. Qf3 Ne3 38. Rdc1 Qa6 39. a5 Nc2 40. Ra4 d3 41. Re4 Qc6 42. Re3 Qb5 43. Rxd3 Ne1 44. Qxe2 Nxd3 45. Ra1 h4 46. a6 h3 47. Qf3 Qb2 48. a7 Qxa1 49. Qe3 0-1

[Event "Zagreb Superbet Blitz"]
[Site "Zagreb"]
[Date "2025.07.06"]
[Round "15"]
[White "So, Wesley"]
[Black "Saric, Ivan"]
[Result "1-0"]
[WhiteElo "2745"]
[BlackElo "2661"]
[PlyCount "45"]
[EventDate "2025.07.05"]
[EventType "tourn (blitz)"]
[EventRounds "18"]
[EventCountry "CRO"]
[SourceTitle "CB28_2025"]
[SourceDate "2025.07.09"]
[SourceVersion "1"]
[SourceVersionDate "2025.07.09"]
[SourceQuality "1"]

1. d4 Nf6 2. c4 g6 3. Nc3 Bg7 4. e4 d6 5. Nf3 0-0 6. Be2 e5 7. 0-0 h6 8. Rb1 Nbd7 9. Re1 exd4 10. Nxd4 Re8 11. Bf1 c6 12. Nc2 Nc5 13. f3 Nh5 14. Be3 f5 15. exf5 Bxf5 16. Qd2 Bxc2 17. Qxc2 Qf6 18. Rbd1 g5 19. Bd2 Qd4+ 20. Kh1 Qh4 21. Qg6 Rxe1 22. Bxe1 Nf4 23. Qxd6 1-0

[Event "Zagreb Superbet Blitz"]
[Site "Zagreb"]
[Date "2025.07.05"]
[Round "6"]
[White "Saric, Ivan"]
[Black "So, Wesley"]
[Result "1/2-1/2"]
[WhiteElo "2661"]
[BlackElo "2745"]
[PlyCount "108"]
[EventDate "2025.07.05"]
[EventType "tourn (blitz)"]
[EventRounds "18"]
[EventCountry "CRO"]
[SourceTitle "CB28_2025"]
[SourceDate "2025.07.09"]
[SourceVersion "1"]
[SourceVersionDate "2025.07.09"]
[SourceQuality "1"]

1. e4 c6 2. d4 d5 3. e5 Bf5 4. Nf3 e6 5. Be2 c5 6. Be3 cxd4 7. Nxd4 Ne7 8. Nd2 Nbc6 9. N2f3 Bg4 10. 0-0 Bxf3 11. Nxf3 Qc7 12. Rc1 Rd8 13. c3 Ng6 14. Bd4 Be7 15. Re1 0-0 16. Bd3 Nxd4 17. cxd4 Qb6 18. Rc2 Rc8 19. g3 Rc6 20. Ree2 Rfc8 21. h4 Bd8 22. Kg2 Ne7 23. Rxc6 Rxc6 24. Rc2 h6 25. a3 a5 26. Qd2 Kf8 27. h5 Bc7 28. g4 Rxc2 29. Qxc2 Nc6 30. Qc3 Bb8 31. Bc2 Qb5 32. Bd3 Qb6 33. a4 Qb4 34. Bb5 Ba7 35. Bxc6 Qxc3 36. bxc3 bxc6 37. Kf1 c5 38. Ke2 f6 39. Kd3 Kf7 40. exf6 c4+ 41. Ke3 gxf6 42. Nh4 Bb8 43. f4 Bd6 44. Nf3 Ba3 45. Kd2 Bd6 46. Ke3 Kg7 47. Nh4 Ba3 48. Kd2 Be7 49. Nf3 Bd6 50. Ke3 Kf7 51. Nh4 Ba3 52. Kd2 Be7 53. Nf3 Bd6 54. Ke3 Be7 1/2-1/2

[Event "Zagreb Superbet Rapid"]
[Site "Zagreb"]
[Date "2025.07.04"]
[Round "8"]
[White "So, Wesley"]
[Black "Praggnanandhaa, Rameshbabu"]
[Result "1/2-1/2"]
[WhiteElo "2745"]
[BlackElo "2767"]
[PlyCount "74"]
[EventDate "2025.07.02"]
[EventType "tourn (rapid)"]
[EventRounds "9"]
[EventCountry "CRO"]
[EventCategory "21"]
[SourceTitle "CB28_2025"]
[SourceDate "2025.07.09"]
[SourceVersion "1"]
[SourceVersionDate "2025.07.09"]
[SourceQuality "1"]

1. e4 c5 2. Nf3 g6 3. d4 cxd4 4. Nxd4 Bg7 5. c4 Qb6 6. Nb5 a6 7. Be3 Qd8 8. Nd4 d6 9. Nc3 Nf6 10. f3 Nc6 11. Qd2 Nxd4 12. Bxd4 Be6 13. Be2 Qa5 14. a3 0-0 15. b4 Qc7 16. Rc1 Rfc8 17. 0-0 Nd7 18. Bxg7 Kxg7 19. f4 Qb6+ 20. Kh1 Nf6 21. c5 dxc5 22. Na4 Qd8 23. Qxd8 Rxd8 24. Nxc5 Rd2 25. Bf3 Ra2 26. Rfd1 Rxa3 27. e5 Nh5 28. Rd4 Bc8 29. Kg1 Ra7 30. Kf2 b6 31. Ne4 Rd7 32. Nd6 exd6 33. Rxc8 Ra2+ 34. Kf1 Ra1+ 35. Kf2 Ra2+ 36. Kf1 Ra1+ 37. Kf2 Ra2+ 1/2-1/2

[Event "Zagreb Superbet Rapid"]
[Site "Zagreb"]
[Date "2025.07.02"]
[Round "1"]
[White "So, Wesley"]
[Black "Caruana, Fabiano"]
[Result "1-0"]
[WhiteElo "2745"]
[BlackElo "2777"]
[PlyCount "99"]
[EventDate "2025.07.02"]
[EventType "tourn (rapid)"]
[EventRounds "9"]
[EventCountry "CRO"]
[EventCategory "21"]
[SourceTitle "CB28_2025"]
[SourceDate "2025.07.09"]
[SourceVersion "1"]
[SourceVersionDate "2025.07.09"]
[SourceQuality "1"]

1. e4 e5 2. Nf3 Nc6 3. Bc4 Nf6 4. d3 Be7 5. 0-0 0-0 6. a4 a5 7. Re1 d6 8. c3 Be6 9. Bxe6 fxe6 10. Nbd2 Nd7 11. d4 Kh8 12. Nb3 Qe8 13. dxe5 Ndxe5 14. Nfd4 Bf6 15. f4 Nxd4 16. Nxd4 Nc6 17. Nb5 Qf7 18. Be3 Rad8 19. Qb3 e5 20. Qxf7 Rxf7 21. f5 h5 22. g3 Kh7 23. Kg2 g6 24. Rf1 Rdd7 25. Rf2 gxf5 26. Rxf5 Kg6 27. Raf1 Ne7 28. R5f2 d5 29. Rd2 c6 30. Na3 Rc7 31. Bb6 Rc8 32. Rdf2 c5 33. exd5 Nxd5 34. Nc4 Re7 35. Bxa5 Bg5 36. Rd1 Nf6 37. Rd6 Kg7 38. Bd8 Rxd8 39. Rxd8 Ng4 40. Re2 e4 41. Rd5 Kg6 42. Rxc5 Bf6 43. h3 Nh6 44. Ne3 Bg5 45. a5 h4 46. Nd5 Re5 47. g4 Nf7 48. b4 Nd8 49. Nc7 Re7 50. b5 1-0

[Event "WchT Blitz Pool A"]
[Site "London"]
[Date "2025.06.14"]
[Round "9.3"]
[White "So, Wesley"]
[Black "Kunz, Andre"]
[Result "1-0"]
[WhiteElo "2745"]
[BlackElo "2128"]
[PlyCount "87"]
[EventDate "2025.06.14"]
[EventType "team-tourn"]
[EventRounds "13"]
[EventCountry "ENG"]
[SourceTitle "CB25_2025"]
[SourceDate "2025.06.18"]
[SourceVersion "1"]
[SourceVersionDate "2025.06.18"]
[SourceQuality "1"]
[WhiteTeam "WR Chess"]
[BlackTeam "Berlin Lasker Legends"]
[WhiteTeamCountry "GER"]
[BlackTeamCountry "GER"]

1. c4 e6 2. Nc3 d5 3. d4 c5 4. cxd5 exd5 5. Nf3 Nc6 6. g3 Nf6 7. Bg2 Be7 8. 0-0 0-0 9. Bg5 c4 10. Ne5 Be6 11. b3 Qa5 12. Rc1 Bb4 13. Nxc6 bxc6 14. Na4 cxb3 15. axb3 Ne4 16. Be3 Rac8 17. Ra1 Qb5 18. Qc2 c5 19. dxc5 Nxc5 20. Qb2 Nxa4 21. bxa4 Qa5 22. Bd4 Bc3 23. Bxc3 Rxc3 24. Rfd1 Rfc8 25. e3 h6 26. h4 R3c4 27. Rd4 Rc2 28. Qb7 Rc1+ 29. Rd1 Rxd1+ 30. Rxd1 Qxa4 31. Rb1 Qc2 32. Ra1 Qd2 33. Qxa7 Rc2 34. Qb8+ Kh7 35. Qf4 Rc4 36. Qf3 Rc2 37. Rd1 Qc3 38. Qf4 Rd2 39. Rxd2 Qxd2 40. Bf3 Bh3 41. Kh2 Qxf2+ 42. Kxh3 Kg8 43. Bxd5 Qxf4 44. exf4 1-0

[Event "WchT Rapid"]
[Site "London"]
[Date "2025.06.13"]
[Round "12.4"]
[White "Vokhidov, Shamsiddin"]
[Black "So, Wesley"]
[Result "0-1"]
[WhiteElo "2519"]
[BlackElo "2714"]
[PlyCount "106"]
[EventDate "2025.06.11"]
[EventType "team-swiss"]
[EventRounds "12"]
[EventCountry "ENG"]
[SourceTitle "CB25_2025"]
[SourceDate "2025.06.18"]
[SourceVersion "1"]
[SourceVersionDate "2025.06.18"]
[SourceQuality "1"]
[WhiteTeam "Uzbekistan"]
[BlackTeam "WR Chess"]
[WhiteTeamCountry "UZB"]
[BlackTeamCountry "GER"]

1. e4 e5 2. Nf3 Nc6 3. Bb5 Nf6 4. 0-0 Nxe4 5. Re1 Nd6 6. Nxe5 Be7 7. Bf1 Nf5 8. Nf3 d5 9. d4 0-0 10. h3 a6 11. Bf4 Bd6 12. Qd2 Bxf4 13. Qxf4 Qd6 14. Qxd6 Nxd6 15. c3 f6 16. Nbd2 Kf7 17. g3 Bd7 18. Bg2 Rfe8 19. Nh2 Rxe1+ 20. Rxe1 Ne7 21. Nhf1 c6 22. Ne3 Nef5 23. Nxf5 Bxf5 24. g4 Bd7 25. f4 h5 26. Bf3 a5 27. Kg2 hxg4 28. hxg4 a4 29. Kf2 Rh8 30. Kg3 f5 31. Re2 g6 32. a3 fxg4 33. Bxg4 Bf5 34. Bf3 Bd3 35. Rh2 Nf5+ 36. Kg2 Ne3+ 37. Kg3 Nf5+ 38. Kg2 Ne3+ 39. Kg3 Rxh2 40. Kxh2 Kf6 41. Kh3 Kf5 42. Kg3 b5 43. b3 axb3 44. Nxb3 Nf1+ 45. Kf2 Kxf4 46. Na5 Nd2 47. Bg2 Ne4+ 48. Bxe4 dxe4 49. Nxc6 e3+ 50. Ke1 g5 51. Ne5 Be4 52. Ke2 g4 53. Nxg4 Bf3+ 0-1

[Event "WchT Rapid"]
[Site "London"]
[Date "2025.06.11"]
[Round "3.4"]
[White "Moiseenko, Alexander"]
[Black "So, Wesley"]
[Result "1/2-1/2"]
[WhiteElo "2533"]
[BlackElo "2714"]
[PlyCount "118"]
[EventDate "2025.06.11"]
[EventType "team-swiss"]
[EventRounds "12"]
[EventCountry "ENG"]
[SourceTitle "CB25_2025"]
[SourceDate "2025.06.18"]
[SourceVersion "1"]
[SourceVersionDate "2025.06.18"]
[SourceQuality "1"]
[WhiteTeam "Ashdod Elit CC"]
[BlackTeam "WR Chess"]
[WhiteTeamCountry "ISR"]
[BlackTeamCountry "GER"]

1. d4 Nf6 2. c4 e6 3. Nc3 Bb4 4. Nf3 c5 5. g3 Nc6 6. Bg2 Ne4 7. Bd2 Nxd2 8. Qxd2 cxd4 9. Nxd4 Ne5 10. Nf3 Qc7 11. Nxe5 Qxe5 12. Rc1 0-0 13. 0-0 Rb8 14. a3 Be7 15. Rfd1 a6 16. Ne4 b5 17. c5 a5 18. b4 axb4 19. axb4 Bb7 20. Qxd7 Bxe4 21. Qxe7 Bxg2 22. Kxg2 Qe4+ 23. Kg1 Qxb4 24. Qd7 h5 25. c6 h4 26. c7 Rbc8 27. Qd6 Qe4 28. e3 h3 29. Qc6 Qxc6 30. Rxc6 Rfe8 31. f3 Kf8 32. Kf2 Re7 33. Rd8+ Re8 34. Rd2 Re7 35. Rdc2 b4 36. g4 b3 37. Rb2 Rcxc7 38. Rxc7 Rxc7 39. Rxb3 Rc2+ 40. Kg3 Rg2+ 41. Kxh3 Rg1 42. Rb2 Ke7 43. Rg2 Re1 44. e4 g5 45. Kg3 Rf1 46. Ra2 Kf6 47. Ra5 Rg1+ 48. Kf2 Rh1 49. Kg2 Re1 50. Ra8 Kg7 51. h3 Rb1 52. Ra2 Re1 53. Kg3 Rg1+ 54. Kf2 Rh1 55. Kg2 Re1 56. Ra5 Kf6 57. Rb5 Ra1 58. Kg3 Rg1+ 59. Kf2 Rh1 1/2-1/2

[Event "Chess.com Classic Play In"]
[Site "Chess.com INT"]
[Date "2025.05.19"]
[Round "5"]
[White "So, Wesley"]
[Black "Bologan, Viktor"]
[Result "1-0"]
[WhiteElo "2751"]
[BlackElo "2601"]
[PlyCount "105"]
[EventDate "2025.05.19"]
[EventType "swiss (blitz)"]
[EventRounds "9"]
[EventCountry "USA"]
[SourceTitle "CB21_2025"]
[SourceDate "2025.05.21"]
[SourceVersion "1"]
[SourceVersionDate "2025.05.21"]
[SourceQuality "1"]

1. d4 d6 2. e4 Nf6 3. Nc3 e5 4. Nf3 Nbd7 5. Bc4 Be7 6. 0-0 0-0 7. a4 c6 8. Re1 h6 9. h3 Re8 10. Be3 exd4 11. Bxd4 Nf8 12. Qd3 Be6 13. Rad1 Qa5 14. Nd2 Qc7 15. Qg3 Rad8 16. Be2 a6 17. Nc4 Bxc4 18. Bxc4 b5 19. Ba2 b4 20. Ne2 c5 21. Bxf6 Bxf6 22. Nf4 Bxb2 23. Nh5 c4 24. e5 Ng6 25. e6 Be5 26. f4 Bc3 27. exf7+ Qxf7 28. Rxe8+ Rxe8 29. Bxc4 Qxc4 30. Qxg6 Re6 31. Qg4 Qe2 32. Ng3 Qxg4 33. hxg4 Kf7 34. Kf2 g6 35. Kf3 Ke7 36. Ne4 Bg7 37. Rd5 Kd8 38. f5 gxf5 39. gxf5 Re5 40. Rxd6+ Kc7 41. f6 Bf8 42. Rd3 a5 43. Kf4 Rh5 44. g4 Rh1 45. Ke5 Ra1 46. Ke6 Rxa4 47. Kf7 b3 48. Rc3+ Kd7 49. Rd3+ Kc7 50. cxb3 Rxe4 51. Kxf8 Rxg4 52. f7 Rf4 53. Kg7 1-0

[Event "Chess.com Classic Play In"]
[Site "Chess.com INT"]
[Date "2025.05.19"]
[Round "1"]
[White "So, Wesley"]
[Black "Sjugirov, Sanan"]
[Result "0-1"]
[WhiteElo "2751"]
[BlackElo "2638"]
[PlyCount "150"]
[EventDate "2025.05.19"]
[EventType "swiss (blitz)"]
[EventRounds "9"]
[EventCountry "USA"]
[SourceTitle "CB21_2025"]
[SourceDate "2025.05.21"]
[SourceVersion "1"]
[SourceVersionDate "2025.05.21"]
[SourceQuality "1"]

1. e4 c5 2. Nf3 d6 3. d4 cxd4 4. Qxd4 Nf6 5. Nc3 Nc6 6. Qe3 g6 7. Bc4 Bg7 8. 0-0 0-0 9. h3 Na5 10. Bb3 Nxb3 11. axb3 b6 12. Rd1 Qe8 13. Qe2 Bb7 14. Bg5 Qc8 15. Ra2 Re8 16. Rd2 a6 17. Nd5 Nxd5 18. exd5 b5 19. c3 Qf5 20. Qd3 Qxd3 21. Rxd3 Rac8 22. b4 h6 23. Be3 g5 24. Ra1 Kh7 25. Nd2 Kg6 26. Bd4 Bxd4 27. Rxd4 f6 28. Re1 Kf7 29. Nf1 Rc7 30. h4 Rg8 31. Ne3 Bc8 32. f3 Ra7 33. Ra1 Bd7 34. Kf2 Rga8 35. Rh1 Kg7 36. Re4 Bc8 37. Ra1 Kf7 38. Ra5 Bd7 39. Rd4 Rg8 40. hxg5 hxg5 41. Rd1 Bc8 42. Rh1 Kg7 43. Nc2 Rh8 44. Rha1 Rc7 45. Nd4 Kf7 46. Rxa6 Bxa6 47. Rxa6 Rb7 48. Kg1 g4 49. f4 g3 50. Ne6 Kg6 51. Ra1 Kf5 52. Rf1 Ke4 53. Rf3 Kxd5 54. f5 Ra7 55. Rxg3 Ra1+ 56. Kf2 Rb1 57. Re3 Rxb2+ 58. Kf3 Rh1 59. Nf4+ Kc4 60. Rxe7 Kxc3 61. Re4 Rf1+ 62. Kg4 Rd1 63. Re6 Rxb4 64. Rxf6 Rc4 65. Rf8 b4 66. f6 Rdd4 67. g3 b3 68. f7 Rc7 69. Kf5 b2 70. Ne2+ Kc4 71. Rb8 Rxf7+ 72. Kg6 Rf2 73. Nxd4 Kxd4 74. g4 Kc3 75. g5 Rf1 0-1

[Event "Bucharest Superbet Classic 5th"]
[Site "Bucharest"]
[Date "2025.05.16"]
[Round "9"]
[White "Abdusattorov, Nodirbek"]
[Black "So, Wesley"]
[Result "1/2-1/2"]
[WhiteElo "2771"]
[BlackElo "2751"]
[PlyCount "130"]
[EventDate "2025.05.07"]
[EventType "tourn"]
[EventRounds "9"]
[EventCountry "ROU"]
[EventCategory "20"]
[SourceTitle "CB21_2025"]
[SourceDate "2025.05.21"]
[SourceVersion "1"]
[SourceVersionDate "2025.05.21"]
[SourceQuality "1"]

1. c4 c5 2. g3 g6 3. Bg2 Bg7 4. Nc3 Nc6 5. Nf3 e6 6. d4 cxd4 7. Nb5 d5 8. cxd5 exd5 9. Nfxd4 Nge7 10. 0-0 0-0 11. Be3 Nf5 12. Nxf5 Bxf5 13. Qd2 d4 14. Bf4 d3 15. e4 Bg4 16. Nc3 Nd4 17. f3 Be6 18. Qxd3 Rc8 19. Rf2 b5 20. e5 Bc4 21. Qe3 Qb6 22. Rd1 Rcd8 23. Rdd2 Ne6 24. Qxb6 axb6 25. Bf1 Nxf4 26. gxf4 Be6 27. Kg2 b4 28. Ne4 Bxa2 29. Kg3 Be6 30. h4 Bh6 31. Bb5 Kg7 32. Bc6 Kh8 33. Nf6 Bg7 34. Nd7 Bxd7 35. Bxd7 Ra8 36. Bb5 Ra5 37. Bc4 Rc5 38. Bb3 Rc7 39. Rd6 f6 40. Re2 Re7 41. e6 f5 42. Rxb6 Rd8 43. Rxb4 Bf8 44. Rb6 Kg7 45. h5 Ra7 46. Rh2 Be7 47. hxg6 hxg6 48. Rc6 Rb7 49. Bc4 Rd4 50. Re2 Kf6 51. b3 Ra7 52. Ba6 Rd6 53. Rxd6 Bxd6 54. Bc4 g5 55. Kg2 Bxf4 56. b4 Rh7 57. Re1 Bd2 58. e7 Rxe7 59. Rxe7 Kxe7 60. b5 g4 61. fxg4 fxg4 62. Kg3 Kd6 63. b6 Bf4+ 64. Kxf4 Kc6 65. Kxg4 Kxb6 1/2-1/2

[Event "Bucharest Superbet Classic 5th"]
[Site "Bucharest"]
[Date "2025.05.11"]
[Round "5"]
[White "So, Wesley"]
[Black "Caruana, Fabiano"]
[Result "1/2-1/2"]
[WhiteElo "2751"]
[BlackElo "2776"]
[PlyCount "128"]
[EventDate "2025.05.07"]
[EventType "tourn"]
[EventRounds "9"]
[EventCountry "ROU"]
[EventCategory "20"]
[SourceTitle "CB21_2025"]
[SourceDate "2025.05.21"]
[SourceVersion "1"]
[SourceVersionDate "2025.05.21"]
[SourceQuality "1"]

1. e4 c5 2. Nf3 e6 3. d4 cxd4 4. Nxd4 Nf6 5. Nc3 Nc6 6. Ndb5 d6 7. Bf4 e5 8. Bg5 a6 9. Na3 b5 10. Bxf6 gxf6 11. Nd5 f5 12. c3 Bg7 13. exf5 Bxf5 14. Nc2 0-0 15. Nce3 Be6 16. Bd3 f5 17. Qh5 e4 18. Bc2 Ne5 19. Rd1 Ng6 20. g4 f4 21. Nf5 Bxf5 22. gxf5 Qh4 23. Ne7+ Qxe7 24. fxg6 h6 25. Qd5+ Kh8 26. Qxe4 Qf6 27. 0-0 f3 28. Qg4 Rae8 29. Rde1 Re5 30. Kh1 Qf4 31. Qxf4 Rxf4 32. Re3 Bf6 33. Bd1 Kg7 34. Rxf3 Rxf3 35. Bxf3 Kxg6 36. Rd1 Be7 37. Kg2 a5 38. a3 Kf6 39. Rd4 Rg5+ 40. Kf1 Rc5 41. h3 Ke6 42. Bg4+ Kf7 43. Rd3 Bg5 44. b4 Rc7 45. Rxd6 Rxc3 46. bxa5 Rxa3 47. a6 b4 48. Rb6 Be7 49. Be2 Bc5 50. Bc4+ Ke7 51. Rxh6 b3 52. Rh7+ Kd6 53. Rb7 Ra4 54. Bxb3 Rxa6 55. h4 Rb6 56. Rxb6+ Bxb6 57. h5 Ke7 58. h6 Kf6 59. h7 Kg7 60. Bc2 Bxf2 61. Kxf2 Kh8 62. Kf3 Kg7 63. Kf2 Kh8 64. Kf3 Kg7 1/2-1/2

[Event "Bucharest Superbet Classic 5th"]
[Site "Bucharest"]
[Date "2025.05.09"]
[Round "3"]
[White "So, Wesley"]
[Black "Duda, Jan Krzysztof"]
[Result "1/2-1/2"]
[WhiteElo "2751"]
[BlackElo "2739"]
[PlyCount "69"]
[EventDate "2025.05.07"]
[EventType "tourn"]
[EventRounds "9"]
[EventCountry "ROU"]
[EventCategory "20"]
[SourceTitle "CB21_2025"]
[SourceDate "2025.05.21"]
[SourceVersion "1"]
[SourceVersionDate "2025.05.21"]
[SourceQuality "1"]

1. c4 Nf6 2. Nc3 e6 3. d4 Bb4 4. e3 0-0 5. Bd3 d5 6. Nf3 dxc4 7. Bxc4 c5 8. 0-0 Nc6 9. a3 Ba5 10. Bd3 h6 11. Bc2 Qe7 12. Ne4 Nxe4 13. Bxe4 Rd8 14. Qa4 Bb6 15. dxc5 Qxc5 16. Bd2 Bd7 17. Rac1 Qe7 18. Qb3 Be8 19. Rfd1 Ba5 20. Bxa5 Nxa5 21. Qc2 Rxd1+ 22. Rxd1 Rd8 23. Rxd8 Qxd8 24. Nd4 Nc6 25. Bxc6 Bxc6 26. Nxc6 bxc6 27. h3 Qd5 28. b4 a5 29. bxa5 Qxa5 30. Qxc6 Qxa3 31. Qe8+ Qf8 32. Qc6 Qa3 33. Qe8+ Qf8 34. Qc6 Qa3 35. Qe8+ 1/2-1/2

[Event "Bucharest Superbet Classic 5th"]
[Site "Bucharest"]
[Date "2025.05.08"]
[Round "2"]
[White "Vachier Lagrave, Maxime"]
[Black "So, Wesley"]
[Result "1-0"]
[WhiteElo "2723"]
[BlackElo "2751"]
[PlyCount "145"]
[EventDate "2025.05.07"]
[EventType "tourn"]
[EventRounds "9"]
[EventCountry "ROU"]
[EventCategory "20"]
[SourceTitle "CB21_2025"]
[SourceDate "2025.05.21"]
[SourceVersion "1"]
[SourceVersionDate "2025.05.21"]
[SourceQuality "1"]

1. e4 e5 2. Nf3 Nc6 3. Bb5 a6 4. Ba4 Nf6 5. 0-0 Nxe4 6. d4 Be7 7. Re1 b5 8. Rxe4 d5 9. Nxe5 Nxe5 10. Rxe5 bxa4 11. Qe2 f6 12. Re3 c5 13. dxc5 Kf7 14. Nc3 Bxc5 15. Rd3 Qe7 16. Be3 d4 17. Bxd4 Qxe2 18. Nxe2 Re8 19. Nc3 Bxd4 20. Rxd4 a3 21. bxa3 Bf5 22. Nd5 Bxc2 23. Nc7 Rad8 24. Rxd8 Rxd8 25. Nxa6 Ra8 26. Nb4 Bf5 27. a4 Rxa4 28. a3 h5 29. f3 g5 30. Kf2 h4 31. Ke3 Ra5 32. Kd4 Bd7 33. Nd3 Bc6 34. h3 Ke6 35. Rc1 Kd6 36. Nb2 Rd5+ 37. Ke3 Re5+ 38. Kf2 Rb5 39. Nc4+ Ke7 40. Re1+ Kd7 41. Ne3 f5 42. Nc4 Bd5 43. a4 Rb4 44. Ne3 Be6 45. Ra1 Rb2+ 46. Kg1 Re2 47. Ra3 Kc6 48. a5 Kb7 49. a6+ Ka7 50. Rc3 Kb6 51. Nc2 Rd2 52. Nb4 Bd7 53. Ra3 Ka7 54. Re3 Rd1+ 55. Kh2 g4 56. hxg4 fxg4 57. fxg4 Bxg4 58. Re4 Bc8 59. Rxh4 Rc1 60. Rf4 Kb6 61. Rf6+ Kb5 62. Rf8 Kb6 63. Rf4 Rc5 64. g4 Rg5 65. Kg3 Rg8 66. Re4 Kb5 67. Kh4 Rh8+ 68. Kg5 Rg8+ 69. Kf6 Bxg4 70. Kf7 Rd8 71. Rxg4 Rd1 72. Ke6 Kb6 73. Rg7 1-0

[Event "Bundesliga 2425"]
[Site "Germany"]
[Date "2025.04.27"]
[Round "15.2"]
[White "So, Wesley"]
[Black "Mamedyarov, Shakhriyar"]
[Result "1-0"]
[WhiteElo "2752"]
[BlackElo "2733"]
[PlyCount "59"]
[EventDate "2024.09.28"]
[EventType "team-tourn"]
[EventRounds "15"]
[EventCountry "GER"]
[SourceTitle "CB18_2025"]
[SourceDate "2025.04.30"]
[SourceVersion "1"]
[SourceVersionDate "2025.04.30"]
[SourceQuality "1"]
[WhiteTeam "Duesseldorf"]
[BlackTeam "Viernheim"]
[WhiteTeamCountry "GER"]
[BlackTeamCountry "GER"]

1. e4 c5 2. Nf3 e6 3. d4 cxd4 4. Nxd4 a6 5. Bd3 Bc5 6. Nb3 Ba7 7. Qe2 Ne7 8. c4 Nbc6 9. Nc3 0-0 10. Be3 d6 11. 0-0 e5 12. Bxa7 Rxa7 13. Qe3 Be6 14. Rad1 b6 15. Rd2 a5 16. Rfd1 a4 17. Na1 Nd4 18. Nc2 Nec6 19. Nb5 Nxb5 20. cxb5 Na5 21. Nb4 Rd7 22. Nc6 Qc7 23. Nxa5 bxa5 24. b6 Qc5 25. Ba6 Qc6 26. Rd3 d5 27. exd5 Rxd5 28. Rc1 Qd6 29. Rxd5 Bxd5 30. Qc5 1-0

[Event "Bundesliga 2425"]
[Site "Germany"]
[Date "2025.04.25"]
[Round "13.2"]
[White "L'Ami, Erwin"]
[Black "So, Wesley"]
[Result "1/2-1/2"]
[WhiteElo "2628"]
[BlackElo "2752"]
[PlyCount "60"]
[EventDate "2024.09.28"]
[EventType "team-tourn"]
[EventRounds "15"]
[EventCountry "GER"]
[SourceTitle "CB18_2025"]
[SourceDate "2025.04.30"]
[SourceVersion "1"]
[SourceVersionDate "2025.04.30"]
[SourceQuality "1"]
[WhiteTeam "Solingen"]
[BlackTeam "Duesseldorf"]
[WhiteTeamCountry "GER"]
[BlackTeamCountry "GER"]

1. d4 Nf6 2. c4 e6 3. Nf3 d5 4. Nc3 a6 5. cxd5 exd5 6. Bg5 Be6 7. Bxf6 Qxf6 8. Qb3 Ra7 9. g3 Qd8 10. h4 Be7 11. Bh3 Bxh3 12. Rxh3 c6 13. 0-0-0 Nd7 14. e4 dxe4 15. Nxe4 0-0 16. Rhh1 Nf6 17. Nxf6+ Bxf6 18. Ne5 a5 19. a3 a4 20. Qc4 Ra5 21. Rhe1 h5 22. Qb4 Rb5 23. Qxa4 Qc7 24. Qc4 Bxe5 25. Rxe5 Rxe5 26. dxe5 Qxe5 27. Qd4 Qe2 28. Rd2 Qf1+ 29. Rd1 Qe2 30. Rd2 Qf1+ 1/2-1/2

[Event "American Cup Blitz"]
[Site "Saint Louis"]
[Date "2025.03.24"]
[Round "9"]
[White "Caruana, Fabiano"]
[Black "So, Wesley"]
[Result "1-0"]
[WhiteElo "2783"]
[BlackElo "2748"]
[PlyCount "149"]
[EventDate "2025.03.24"]
[EventType "swiss (blitz)"]
[EventRounds "9"]
[EventCountry "USA"]
[SourceTitle "CB14_2025"]
[SourceDate "2024.11.01"]
[SourceVersion "1"]
[SourceVersionDate "2024.11.01"]
[SourceQuality "1"]

1. e4 e5 2. Nf3 Nc6 3. Nc3 Nf6 4. h3 Bb4 5. Bd3 d6 6. a3 Bc5 7. b4 Bb6 8. 0-0 0-0 9. Na4 d5 10. exd5 Qxd5 11. Re1 Bd4 12. Nxd4 Nxd4 13. Bb2 Re8 14. Nc5 Bf5 15. c4 Qc6 16. Bxd4 Bxd3 17. Bxe5 Bxc4 18. Rc1 Bd5 19. Ne4 Qe6 20. Nxf6+ gxf6 21. Bxc7 Qxe1+ 22. Qxe1 Rxe1+ 23. Rxe1 Rc8 24. Re7 Bc6 25. Bf4 Kg7 26. b5 Bxb5 27. Rxb7 a6 28. Be3 Rc1+ 29. Kh2 Ra1 30. Rb6 Rxa3 31. Bd4 h6 32. Bxf6+ Kh7 33. Bd4 Rd3 34. Be3 Rd5 35. Rxh6+ Kg7 36. Rb6 a5 37. Rb7 a4 38. Ra7 Rd6 39. Ra5 Bd7 40. g4 Rd3 41. Kg3 a3 42. f4 Be6 43. f5 Bd5 44. Kf4 a2 45. g5 Rb3 46. h4 Rb4+ 47. Kg3 Bc4 48. h5 Rb3 49. Kf4 Rb4 50. Bd4+ Kh7 51. g6+ Kh6 52. Bc3 Rb8 53. g7 Kh7 54. f6 Be6 55. Ke5 Kh6 56. Kd6 Kh7 57. Kc7 Rc8+ 58. Kd6 Rd8+ 59. Ke5 Kh6 60. Ra6 Re8 61. Kd4 Rd8+ 62. Kc5 Rc8+ 63. Kd4 Kxh5 64. Ke3 Re8 65. Kf4 Kh6 66. Ra4 Rd8 67. Ke3 Kg6 68. Rh4 Rc8 69. Rh1 Bd5 70. Rg1+ Kh7 71. Ba1 Rb8 72. Rg5 Be6 73. Rh5+ Kg6 74. Rh8 Rb3+ 75. d3 1-0

[Event "American Cup Blitz"]
[Site "Saint Louis"]
[Date "2025.03.24"]
[Round "4"]
[White "So, Wesley"]
[Black "Nakamura, Hikaru"]
[Result "1/2-1/2"]
[WhiteElo "2748"]
[BlackElo "2802"]
[PlyCount "128"]
[EventDate "2025.03.24"]
[EventType "swiss (blitz)"]
[EventRounds "9"]
[EventCountry "USA"]
[SourceTitle "CB14_2025"]
[SourceDate "2024.11.01"]
[SourceVersion "1"]
[SourceVersionDate "2024.11.01"]
[SourceQuality "1"]

1. e4 e5 2. Nf3 Nc6 3. Bb5 Nge7 4. 0-0 Ng6 5. d4 exd4 6. Nxd4 Nxd4 7. Qxd4 c6 8. Be2 Qb6 9. Qc3 Qb4 10. Qd3 Be7 11. Nc3 0-0 12. a3 Qd6 13. Qxd6 Bxd6 14. Be3 Nf4 15. Rad1 Nxe2+ 16. Nxe2 Be7 17. Bf4 Re8 18. Ng3 Bf6 19. b3 d5 20. exd5 cxd5 21. Rxd5 Be6 22. Rd2 Red8 23. Ne4 Rxd2 24. Nxf6+ gxf6 25. Bxd2 Kg7 26. f3 Rc8 27. Rc1 Bf5 28. c4 Rd8 29. Bc3 h5 30. Kf2 Kg6 31. h3 a6 32. a4 Rd7 33. a5 Rd8 34. Ke3 Rd3+ 35. Ke2 Rd8 36. Bd2 Re8+ 37. Be3 Rd8 38. Rc3 Rd7 39. b4 Rc7 40. Bd4 Be6 41. Bc5 Rc8 42. Ke3 Rc7 43. Kf4 Rc8 44. g4 hxg4 45. fxg4 Rc7 46. h4 Rc8 47. h5+ Kh7 48. Bd4 Rxc4 49. Rxc4 Bxc4 50. Bxf6 Be2 51. Bd4 Bd1 52. Kf5 Be2 53. Be3 Bd1 54. Kg5 Be2 55. Kf5 Bd1 56. h6 Be2 57. g5 Bc4 58. Kf6 Kg8 59. Bd2 Bb3 60. Ke7 Bd5 61. Kd6 Bg2 62. Be3 Bf3 63. Bf4 Bg2 64. Be3 Bf3 1/2-1/2